000 00680nam a2200253Ia 4500
003 OSt
005 20221005121030.0
006 a|||||r|||| 00| 0
007 ta
008 221004b |||||||| |||| 00| 0 mal d
024 _a58957
037 _cTextual
040 _aCRL
_cCRL
_bmal
041 _2mal
_amal
082 _aV2:51wM69x, 32K0
100 _aNamboothiripad E.M. Shankaran Au.
_9629967
245 0 _aGandhijiyum gandhisavum
260 _c1960
300 _a246p.
_ccm.
650 _a HISTORY
650 _aGANDHI, MAHATAMA
_94156
942 _hV2:51wM69x, 32K0
_cTEXL
_2cc
999 _c1039881
_d1039881